000 00446nam a2200157Ia 4500
008 230711s9999||||xx |||||||||||||| ||und||
041 _aENG
082 _a629.8
_bJA-A
100 _aAnderson,Brian D. O.
245 0 _aOptimal Control: Linear Quadratic Methods
250 _a1st . . . . Ed.
260 _c2004
_aNew Delhi
_bPrentice-Hall of India Private Limited
650 _aElectrical Engineering
700 _aMoore,John Barratt
942 _cBK
999 _c4433
_d4433